The concept of nature

Αποθηκεύτηκε σε:
Λεπτομέρειες βιβλιογραφικής εγγραφής
Κύριος συγγραφέας: Whitehead, Alfred North (Συγγραφέας)
Μορφή: Βιβλίο
Γλώσσα:Αγγλικά
Έκδοση: Londres Cambridge University 1964
Σειρά:Philosophy
Θέματα:
Ετικέτες: Προσθήκη ετικέτας
Δεν υπάρχουν, Καταχωρήστε ετικέτα πρώτοι!

MARC

LEADER 00000nam a2200000 a 4500
001 UCZ4604
003 CL-VaPUC
008 951110e19640000UK |||||||||||||||||eng|d
082 0 4 |a 113  |b WHI  |2 21 
100 |a Whitehead, Alfred North  |e author  |9 348606 
245 1 4 |a The concept of nature 
300 |a 202 p 
942 |c BK 
945 |d 19951110 00:00:00  |a cmena 
260 |a Londres  |b Cambridge University  |c 1964 
650 0 |a Filosofía de la naturaleza  |9 265899 
650 0 |a Espacio  |9 336785 
650 0 |a Tiempo   |9 267892 
650 0 |a Cosmología  |9 269138 
650 0 |a Filosofía de las ciencias  |9 256466 
583 |a last modification  |c 19951110 00:00:00  |k Rodrigo Vera 
490 0 |a Philosophy 
999 |c 240974  |d 240972 
952 |0 0  |1 0  |4 0  |6 113_000000000000000_WHI_1964  |7 0  |8 P  |9 253110  |a BIBEDU  |b BIBEDU  |c BIBEDU_PB  |d 2019-11-19  |i 1596381  |o 113 WHI 1964  |p 1596381  |r 2024-01-25  |w 2019-11-19  |y BK  |k FIL